<?xml version="1.0" encoding="UTF-8"?>
<collection xmlns="http://www.loc.gov/MARC21/slim">
<record>
  <controlfield tag="001">7163</controlfield>
  <controlfield tag="005">20241216144703.0</controlfield>
  <datafield tag="037" ind1=" " ind2=" ">
    <subfield code="a">SCART-2024-0193</subfield>
  </datafield>
  <datafield tag="100" ind1=" " ind2=" ">
    <subfield code="a">Maurice, Lucas</subfield>
  </datafield>
  <datafield tag="245" ind1=" " ind2=" ">
    <subfield code="a">Pulse radar transmitter for the Humain BRAMS array?</subfield>
  </datafield>
  <datafield tag="260" ind1=" " ind2=" ">
    <subfield code="c">2024</subfield>
  </datafield>
  <datafield tag="520" ind1=" " ind2=" ">
    <subfield code="a">As part of the development stages of SPADE, the addition of a transmitter at the Humain Radio Astronomy Station is planned to calibrate the instrument. This implementation will use Software-Defined Radio, which allows for enhanced functionality by leveraging the automation and connectivity options associated with this technology. This paper explores the feasibility of configuring this transmitter as a pulse generator to convert the BRAMS interferometer in Humain into a radar for observing radio meteor echoes.</subfield>
  </datafield>
  <datafield tag="594" ind1=" " ind2=" ">
    <subfield code="a">NO</subfield>
  </datafield>
  <datafield tag="700" ind1=" " ind2=" ">
    <subfield code="a">Manuel Mascarenhas, Adrien </subfield>
  </datafield>
  <datafield tag="700" ind1=" " ind2=" ">
    <subfield code="a">Martínez Picar, Antonio</subfield>
  </datafield>
  <datafield tag="700" ind1=" " ind2=" ">
    <subfield code="a">Marqué, Christophe</subfield>
  </datafield>
  <datafield tag="773" ind1=" " ind2=" ">
    <subfield code="p">WGN</subfield>
    <subfield code="v">52</subfield>
    <subfield code="y">2024</subfield>
    <subfield code="n">4-5</subfield>
    <subfield code="c">100-102</subfield>
  </datafield>
  <datafield tag="856" ind1="0" ind2=" ">
    <subfield code="f">antonio.martinez@ksb-orb.be</subfield>
  </datafield>
  <datafield tag="856" ind1="4" ind2="2">
    <subfield code="a">https://www.imo.net/publications/wgn/</subfield>
  </datafield>
  <datafield tag="856" ind1="4" ind2=" ">
    <subfield code="s">747274</subfield>
    <subfield code="u">http://publi2-as.oma.be/record/7163/files/2024 Maurice et al - brams radar.pdf</subfield>
    <subfield code="y">Paper</subfield>
  </datafield>
  <datafield tag="856" ind1="4" ind2=" ">
    <subfield code="s">6065</subfield>
    <subfield code="u">http://publi2-as.oma.be/record/7163/files/2024 Maurice et al - brams radar.jpg?subformat=icon-180</subfield>
    <subfield code="x">icon-180</subfield>
    <subfield code="y">Paper</subfield>
  </datafield>
  <datafield tag="856" ind1="4" ind2=" ">
    <subfield code="s">6347</subfield>
    <subfield code="u">http://publi2-as.oma.be/record/7163/files/2024 Maurice et al - brams radar.gif?subformat=icon</subfield>
    <subfield code="x">icon</subfield>
    <subfield code="y">Paper</subfield>
  </datafield>
  <datafield tag="905" ind1=" " ind2=" ">
    <subfield code="a">published in</subfield>
  </datafield>
  <datafield tag="980" ind1=" " ind2=" ">
    <subfield code="a">NONREF</subfield>
  </datafield>
</record>
</collection>